000 00564nam a2200229Ia 4500
003 OSt
005 20220918200839.0
006 a|||||r|||| 00| 0
007 ta
008 220917b |||||||| |||| 00| 0 eng d
024 _a90,522
037 _cTextual
040 _aARTS
_cARTS
_beng
041 _2eng
_aeng
082 _aU8:6:N3, G91 (906)
100 _aAllen Van Nes
_995762
245 0 _aI found Africa
260 _c1939
650 _aGEOGRAPHY
942 _hU8:6:N3, G91 (906)
_cTEXL
_2CC
999 _c214183
_d214183